Normal view
MARC view
Entry Nombre personal
001 - NÚMERO DE CONTROL
- campo de control: 151494
003 - IDENTIFICADOR DEL NÚMERO DE CONTROL
- campo de control: OSt
005 - FECHA Y HORA DE LA ÚLTIMA TRANSACCIÓN
- campo de control: 20220830145621.0
008 - DATOS DE LONGITUD FIJA
- campo de control de longitud fija: 220127|| aca||aabn | a|a d
040 ## - FUENTE DE LA CATALOGACIÓN
- Centro catalogador/agencia de origen: mxchpua
- Centro/agencia transcriptor: OSt
100 1# - ENCABEZAMIENTO-NOMBRE DE PERSONA
- Nombre de persona: Lobato Calleros, Consuelo Silvia Olivia
400 ## - TRAZADO DE VÉASE--NOMBRE DE PERSONA
- Nombre de persona: Lobato Calleros, Consuelo S. O.
400 ## - TRAZADO DE VÉASE--NOMBRE DE PERSONA
- Nombre de persona: Lobato Calleros, Consuelo Silvia O.
400 ## - TRAZADO DE VÉASE--NOMBRE DE PERSONA
- Nombre de persona: Lobato Calleros, Consuelo
400 ## - TRAZADO DE VÉASE--NOMBRE DE PERSONA
- Nombre de persona: Lobato Calleros, Consuelo S. Olivia
670 ## - FUENTE DE DATOS ENCONTRADOS
- Cita de la fuente: Work cat.: (OSt)172288: López Monterrubio, Diana Itzel 126943, Encapsulamiento de ß-caroteno en nanoemulsiones estabilizadas con complejos solubles de hidrolizado de proteína-polisacárido /, 2016
